• 首页
  • 本馆介绍
  • 公告通知
  • 最新文献
  • 馆藏检索
  • 电子资源
  • 读者导购
  • 参考咨询
  • 我的图书馆
  • 登录
  • 详细信息显示
  • 放入我的书架
  • 预约/预借图书
  • 作者相关作品
  • 分类相关作品
  • 丛书相关作品
  • 出版社相关作品

书目信息

  • 表格格式
  • 工作单格式
  • 卡片格式
题名:
丝绸史话
    
 
作者: ;《中华文明史史话》编委会 编
分册:  
出版信息: 北京   中国大百科全书出版社  2009.04
页数: 099页
开本: 23cm
丛书名:
单 册:
中图分类: TS14-092
科图分类:
主题词: 丝纺织
电子资源:
ISBN: 978-7-5000-8962-9
000 00646nam0 2200193 450
001 385
005 20160906082643.64
010    @a978-7-5000-8962-9@dCNY26.00
100    @a20160722d2009 km y0chiy0120 ea
101 0  @achi
102    @aCN@b110000
200 1  @a丝绸史话@Asi chou shi hua@f《中华文明史史话》编委会编@F《zhong hua wen ming shi shi hua》bian wei hui bian
210    @a北京@c中国大百科全书出版社@d2009.04
215    @a099页@d23cm
606 0  @a丝纺织
690    @aTS14-092@v4
711 02 @a《中华文明史史话》编委会@A《zhong hua wen ming shi shi hua》bian wei hui@4编
801  0 @aCN@b唐山师范学院图书馆@c20160722
905    @aZUCC@dTS14-092@e8
    
    丝绸史话/《中华文明史史话》编委会编.-北京:中国大百科全书出版社,2009.04
    099页;23cm
    
    
    ISBN 978-7-5000-8962-9:CNY26.00
    
●
相关链接 在E读中查询图书 在五车中查询图书 在当当中查询图书 在豆瓣中查询图书


正题名:丝绸史话     索取号:TS14-092/8         预约/预借

序号 登录号 条形码 馆藏地/架位号 状态 备注
1 901617   209016170   第二样本阅览室/ [索取号:TS14-092/8] 在馆    
2 901618   209016189   第三借阅区/ [索取号:TS14-092/8] 在馆    
3 901619   209016198   第三借阅区/ [索取号:TS14-092/8] 在馆    
4 901620   209016205   第三借阅区/ [索取号:TS14-092/8] 在馆    
5 901621   209016214   第三借阅区/ [索取号:TS14-092/8] 在馆    
唐山师范学院图书馆 欢迎您!
大连网信软件有限公司© 版权所有